<?xml version="1.0" encoding="UTF-8"?>
<record
    xmlns:xsi="http://www.w3.org/2001/XMLSchema-instance"
    xsi:schemaLocation="http://www.loc.gov/MARC21/slim http://www.loc.gov/standards/marcxml/schema/MARC21slim.xsd"
    xmlns="http://www.loc.gov/MARC21/slim">

  <leader>03033nam a22002417a 4500</leader>
  <controlfield tag="003">OSt</controlfield>
  <controlfield tag="005">20250325091312.0</controlfield>
  <controlfield tag="008">250325b        |||||||| |||| 00| 0 eng d</controlfield>
  <datafield tag="020" ind1=" " ind2=" ">
    <subfield code="a">9781266278716</subfield>
  </datafield>
  <datafield tag="040" ind1=" " ind2=" ">
    <subfield code="c">Foundation University</subfield>
  </datafield>
  <datafield tag="050" ind1=" " ind2=" ">
    <subfield code="a">(CBA) KF889.85</subfield>
    <subfield code="b">2024 K95</subfield>
  </datafield>
  <datafield tag="100" ind1=" " ind2=" ">
    <subfield code="a">Kubasek, Nancy</subfield>
    <subfield code="d">author</subfield>
    <subfield code="9">10349</subfield>
  </datafield>
  <datafield tag="245" ind1=" " ind2=" ">
    <subfield code="a">Dynamic business law :</subfield>
    <subfield code="b">the essentials /</subfield>
    <subfield code="c">Nancy Kubasek, M. Neil Browne, Daniel J. Herron, Lucien J. Dhooge &amp; Linda L. Brakacs</subfield>
  </datafield>
  <datafield tag="250" ind1=" " ind2=" ">
    <subfield code="a">Sixth Edition</subfield>
  </datafield>
  <datafield tag="260" ind1=" " ind2=" ">
    <subfield code="a">New York :</subfield>
    <subfield code="b">Mc Graw Hill ;</subfield>
    <subfield code="c">2024</subfield>
  </datafield>
  <datafield tag="300" ind1=" " ind2=" ">
    <subfield code="a">xxxii, 624 pages :</subfield>
    <subfield code="b">ill. (col.) ;</subfield>
    <subfield code="c">230 cm</subfield>
  </datafield>
  <datafield tag="504" ind1=" " ind2=" ">
    <subfield code="a">Includes bibliographical references and appendices.</subfield>
  </datafield>
  <datafield tag="505" ind1=" " ind2=" ">
    <subfield code="a">An introduction to the fundamentals of dynamic business law -- Business ethics and social responsibility -- The U.S. legal system and alternative dispute resolution -- Administrative law -- Constitutional law -- Criminal law and busines -- Tort law -- Real, personal, and intellectual property -- Introduction to contracts and agreemen -- Consideration -- Capacity and legality -- Reality of assent -- Contracts in writing and third-party contracts -- Discharge and remedie -- Formation and performance of sales and lease contracts -- Sales and lease contracts : performance, warranties, and remedies -- Negotiable instruments : negotiability and transferability -- Holder in due course, liability, and defense -- Secured transactions and bankruptcy -- Agency and liability to third parties -- Forms of business organization -- Corporations : formation and organization -- Securities regulation -- Employment and discrimination law -- Consumer law.</subfield>
  </datafield>
  <datafield tag="520" ind1=" " ind2=" ">
    <subfield code="a">"We wrote this book because our primary sense of who we are as professionals is that we are teachers. We play various roles in our careers, but we are especially dedicated to our students. We want them to listen, read, create, and evaluate more effectively as a result of their experience in a business law class. Above all, we want them to sense the importance and excitement of the law. We want them to be aware that business resides in an atmosphere of legal rights and responsibilities. The more they have an understanding of relevant law, the more their business activities will flourish. We tried to construct a book that contains the basics of business law but does not get bogged down in the kind of details that would be more appropriate in an upper-level law class. This sixth edition continues and advances the pedagogical strengths of earlier editions. As difficult as it is to recall what it is like to know almost nothing about business law, we tried repeatedly to force ourselves to remember that the text is for students, not for us to reveal our previous training. Toward that end, we have simplified and clarified as often as we could"-- Provided by publisher.</subfield>
  </datafield>
  <datafield tag="650" ind1=" " ind2=" ">
    <subfield code="a">Commercial law--United States.</subfield>
    <subfield code="9">3546</subfield>
  </datafield>
  <datafield tag="658" ind1=" " ind2=" ">
    <subfield code="a">Business Administration, College of</subfield>
    <subfield code="b">Dynamic business law : the essentials.</subfield>
  </datafield>
  <datafield tag="942" ind1=" " ind2=" ">
    <subfield code="2">lcc</subfield>
    <subfield code="c">BK</subfield>
    <subfield code="h">KF889.85</subfield>
    <subfield code="i">2024 K95</subfield>
    <subfield code="k">(CBA)</subfield>
    <subfield code="n">0</subfield>
  </datafield>
  <datafield tag="999" ind1=" " ind2=" ">
    <subfield code="c">4338</subfield>
    <subfield code="d">4338</subfield>
  </datafield>
  <datafield tag="952" ind1=" " ind2=" ">
    <subfield code="0">0</subfield>
    <subfield code="1">0</subfield>
    <subfield code="2">lcc</subfield>
    <subfield code="4">0</subfield>
    <subfield code="7">0</subfield>
    <subfield code="a">FOUNDATION</subfield>
    <subfield code="b">FOUNDATION</subfield>
    <subfield code="c">CIRC</subfield>
    <subfield code="d">2025-03-25</subfield>
    <subfield code="e">Library budget</subfield>
    <subfield code="l">1</subfield>
    <subfield code="o">(CBA) KF889.85 2024 K95</subfield>
    <subfield code="p">0092025008</subfield>
    <subfield code="r">2026-02-19 09:50:43</subfield>
    <subfield code="s">2026-02-07</subfield>
    <subfield code="w">2025-03-25</subfield>
    <subfield code="y">BK</subfield>
    <subfield code="k">CBA-2025008</subfield>
  </datafield>
</record>
